000
00218nam a2200085Ia 4500
245
0
_a
Just take my heart
100
_a
CLARK HIGGINS, Mary London, 2009
942
_c
BK
008
210817s9999 xx 000 0 und d
999
_c
269499
_d
269498